| 000 | 00000nam 2200000zi 4500 |
| 001 | 9.936418 |
| 003 | CaOODSP |
| 005 | 20241203113656 |
| 006 | m o d f |
| 007 | cr |n||||||||| |
| 008 | 240321e197708 onc|||| ob f000 0 eng d |
| 040 | |aCaOODSP|beng|erda|cCaOODSP |
| 043 | |an-cn--- |
| 086 | 1 |aEn4-693/1977E-PDF |
| 245 | 00|aEnvironmental monitoring in Canada / |cprepared for Fisheries and Environment Canada. |
| 264 | 1|a[Ottawa] : |b[Environment Canada], |cAugust 1977. |
| 300 | |a1 online resource (4 v.) |
| 336 | |atext|btxt|2rdacontent |
| 337 | |acomputer|bc|2rdamedia |
| 338 | |aonline resource|bcr|2rdacarrier |
| 500 | |aDigitized edition from print [produced by Environment and Climate Change Canada]. |
| 504 | |aIncludes bibliographical references. |
| 505 | 0 |av. 1. Summary report -- v. 2. Main report -- v. 3. Directory of Canadian environmental monitoring activities -- v. 4. Background information. |
| 650 | 0|aEnvironmental monitoring|zCanada. |
| 650 | 6|aEnvironnement|xSurveillance|zCanada. |
| 710 | 1 |aCanada. |bEnvironment Canada, |eissuing body. |
| 856 | 40|qPDF|s626 KB|uhttps://publications.gc.ca/collections/collection_2024/eccc/en4/En4-693-1977-1-eng.pdf|zVolume 1 : Summary report |
| 856 | 40|qPDF|s2.35 MB|uhttps://publications.gc.ca/collections/collection_2024/eccc/en4/En4-693-1977-2-eng.pdf|zVolume 2 : Main report |
| 856 | 40|qPDF|s4.99 MB|uhttps://publications.gc.ca/collections/collection_2024/eccc/en4/En4-693-1977-3-eng.pdf|zVolume 3 : Directory of Canadian environmental monitoring activities |
| 856 | 40|qPDF|s2.33 MB|uhttps://publications.gc.ca/collections/collection_2024/eccc/en4/En4-693-1977-4-eng.pdf|zVolume 4 : Background information |